00874nam a22002417a 4500001001000000003000500010005001700015008004100032010001100073011001100084035001100095040000900106100003300115245012500148260004100273500006000314502008200374650001600456650004800472650003200520856006400552856001600616000105469CHAP20220329143807.0110825s2011 mx r 00010 spa d a101931 a102903 a113592 cCHAP1 aAcevedo Rodriguez, Evaristo.10aDiseño de rutas ecoturísticas para el Municipio de Acateno, Pueblah[En línea]c/por Evaristo Acevedo Rodríguez. aChapingo, Méx. :bEl autor,c2011. aPara ver el contenido del material haga clic en la liga aTesis (Ing. en Recursos Naturales Renovables) -- UACH. Departamento de Suelos14aEcoturismo.14aRecursos naturalesxConservaciónxPuebla.14aZonificación ecológica. 2Finding aiduhttp://10.13.5.2/tesis/113592.pdfzTeclea aqui a1 n0000022